Statistics for Famous People Born in Hawaii

Click here to take the quiz!

General Stats

  • This quiz has been taken 26 times
  • The average score is 5 of 12

Answer Stats

Description Famous Person Birth City % Correct
44th presidentBarack ObamaHonolulu
95%
Pop singer of Uptown FunkBruno MarsHonolulu
63%
Broadway actress of Hocus Pocus and BeachesBette MidlerHonolulu
58%
Actress of The Cat in the Hat, wife of John TravoltaKelly PrestonHonolulu
53%
Actress of The Hours and Happy FeetNicole KidmanHonolulu
42%
Actress of Gilmore Girls and ParenthoodLauren GrahamHonolulu
37%
Lead singer of The Pussycat DollsNicole ScherzingerHonolulu
37%
Singer of Banana Pancakes and Upside DownJack JohnsonNorth Shore
32%
Voice of MoanaAuli'i CravalhoKohala
21%
Surviving surfer after from losing left arm from a shark attackBethany HamiltonLihue
16%
Actor of Justified and RangoTimothy OlymphantHonolulu
11%
Actress of Nikita and Designated SurvivorMaggie QHonolulu
11%

Score Distribution

Percentile by Number Answered

Percent of People with Each Score

Your Score History

You have not taken this quiz